| 000 | 00390nam a22001337a 4500 | ||
|---|---|---|---|
| 082 |
_a347.5491077 _bDES |
||
| 100 | _aDesai, T.R. | ||
| 245 |
_aThe Specific Relief Act, (I of 1877) / _cT.R. Desai and Revised I.A. Bajwa |
||
| 260 |
_aLahore : _bMansoor Law Book House, _c2023. |
||
| 300 | _a204 p. | ||
| 563 | _aHB. | ||
| 650 |
_aLaw, Specific Relief Act _9128127 |
||
| 942 |
_2ddc _cBK |
||
| 999 |
_c613151 _d613151 |
||